| Tag |
First Indicator |
Second Indicator |
Subfields |
| LEADER |
00000cam a2200000 a 4500 |
| 001 |
in00000086508 |
| 005 |
20151008064536.0 |
| 008 |
820205s1981 nyua 00010 eng |
| 010 |
|
|
|a 80002753
|
| 020 |
|
|
|a 038517716X :
|c $15.95
|
| 035 |
|
|
|a (OCoLC)07939788
|
| 035 |
|
|
|9 AAK4368AM
|
| 039 |
0 |
|
|a 2
|b 3
|c 3
|d 3
|e 3
|
| 040 |
|
|
|a DLC
|c DLC
|d TXA
|d UtOrBLW
|
| 049 |
|
|
|a TXAM
|c [1362076]
|
| 050 |
0 |
0 |
|a BL500
|b .S64
|
| 082 |
0 |
|
|a 210
|2 19
|
| 100 |
1 |
|
|a Soleri, Paolo,
|d 1919-2013.
|
| 245 |
1 |
4 |
|a The Omega seed :
|b an eschatological hypothesis /
|c Paolo Soleri.
|
| 250 |
|
|
|a 1st ed.
|
| 264 |
|
1 |
|a Garden City, N.Y. :
|b Anchor Press/Doubleday,
|c 1981.
|
| 300 |
|
|
|a 286 pages :
|b illustrations ;
|c 22 cm.
|
| 336 |
|
|
|a text
|b txt
|2 rdacontent
|
| 337 |
|
|
|a unmediated
|b n
|2 rdamedia
|
| 338 |
|
|
|a volume
|b nc
|2 rdacarrier
|
| 650 |
|
0 |
|a Eschatology.
|
| 999 |
|
|
|a MARS
|
| 999 |
f |
f |
|s 637f70ec-3582-352e-92e0-08b77ccc7887
|i 775f1099-94dc-3a1f-87e7-73d6759e189d
|t 0
|
| 952 |
f |
f |
|p ric
|a Texas A&M University
|b Rellis Campus
|c Joint Library Facility
|d Remote Storage
|t 0
|e BL500 .S64
|h Library of Congress classification
|i unmediated -- volume
|m A14806089554
|
| 998 |
f |
f |
|a BL500 .S64
|t 0
|l Remote Storage
|